| 000 | 00523nam a2200157 a 4500 | ||
|---|---|---|---|
| 008 | 120416s1993 ||||||||||||||||| || u | ||
| 020 | _a024080192X | ||
| 050 | _aTK 7881.9 Vas | ||
| 100 | _aVasey, John | ||
| 245 | 1 | 0 | _aConcert sound and lighting systems |
| 250 | _a2nd ed. | ||
| 260 |
_aBoston _bFocal Press _c1993 |
||
| 300 | _a183p. : ill | ||
| 350 | _a0.00 | ||
| 995 |
_D0.00 _FCBU-MAIN LIBRARY (Kitwe) _H1 _I1200.00 _UAVAILABLE _ZMain Library Open Access Collection |
||
| 999 |
_c38349 _d38349 |
||